| 000 | 00613nam a22001817a 4500 | ||
|---|---|---|---|
| 003 | OSt | ||
| 005 | 20260427071122.0 | ||
| 008 | 260427b |||||||| |||| 00| 0 eng d | ||
| 020 | _a9789719970699 | ||
| 040 |
_aDWCL Main Lib. _cOC |
||
| 082 | _aFil. 499.211 S194b 2012 | ||
| 100 | _aSan Juan, David Michael M. | ||
| 245 |
_aBanyuhay : _bbatayang aklat sa wika at panitikan 8 / _cDavid Michael M. San Juan |
||
| 260 |
_aMakati City, Philippines : _bDon Bosco Press, _cc2012. |
||
| 300 |
_aix, 272 pages : _bcolor illustrations ; _c25 cm. |
||
| 650 | _a1. Filipino--Study and Teaching. | ||
| 942 |
_2ddc _cBK - FIL _n0 |
||
| 999 |
_c9947 _d9947 |
||